Технология лесопильно-деревообрабатывающих производств (Запись № 1215101)

Подробности
000 -МАРКЕР
контрольное поле 02505nam0a2200349 4500
001 - ИДЕНТИФИКАТОР ЗАПИСИ
контрольное поле RU\NLR\bibl\817735
005 - ИДЕНТИФИКАТОР ВЕРСИИ
контрольное поле 20260405075316.0
021 ## - НОМЕР ГОСУДАРСТВЕННОЙ РЕГИСТРАЦИИ
Код страны Российская Федерация
Номер 2005-29234
Номер Листа государственной регистраци 1460
035 ## - ДРУГИЕ СИСТЕМНЫЕ НОМЕРА
Идентификатор записи (NLR Aleph) 000806663
100 ## - ДАННЫЕ ОБЩЕЙ ОБРАБОТКИ
Данные общей обработки 20050711d2004 |||y0rusy50 ca
101 0# - ЯЗЫК РЕСУРСА
Язык текста, звукозаписи и т.д. русский
102 ## - СТРАНА ПУБЛИКАЦИИ ИЛИ ПРОИЗВОДСТВА
Страна публикации Российская Федерация
105 ## - ПОЛЕ КОДИРОВАННЫХ ДАННЫХ: ТЕКСТОВЫЕ МАТЕРИАЛЫ, МОНОГРАФИЧЕСКИЕ
Кодированные данные о монографическом текстовом документе y |||||||||
200 1# - ЗАГЛАВИЕ И СВЕДЕНИЯ ОБ ОТВЕТСТВЕННОСТИ
Основное заглавие Технология лесопильно-деревообрабатывающих производств
Сведения, относящиеся к заглавию составление спецификационных поставов и технологический расчет лесопильных потоков
-- [справочник по выполнению расчетно-графических работ, курсового и дипломного проектирования студентами специальностей 260200 и 170400 всех форм обучения]
Первые сведения об ответственности В.А. Корниенко, С.В. Трапезников
Последующие сведения об ответственности [Федер. агентство по образованию, ГОУ ВПО "Сиб. гос. технол. ун-т"]
210 ## - ПУБЛИКАЦИЯ, РАСПРОСТРАНЕНИЕ И ДР.
Место издания, распространения и т.д. Красноярск
Имя издателя, распространителя и т. д. СибГТУ
Дата издания, распространения и т.д. 2004
215 ## - ФИЗИЧЕСКАЯ ХАРАКТЕРИСТИКА
Специфическое обозначение материала и объем 92 с.
Размеры 21
313 ## - ПРИМЕЧАНИЯ, ОТНОСЯЩИЕСЯ К ТЕМАТИЧЕСКОМУ ДОСТУПУ
Текст примечания Раскрой пиломатериалов и распиловка на лесопильных рамах
320 ## - ПРИМЕЧАНИЯ О НАЛИЧИИ В ДОКУМЕНТЕ БИБЛИОГРАФИИ / УКАЗАТЕЛЯ
Текст примечания Библиогр.: с. 90-91 (20 назв.)
606 1# - НАИМЕНОВАНИЕ ТЕМЫ КАК ПРЕДМЕТ
Наименование темы Пиломатериалы
Формальный подзаголовок Руководства, пособия и т.п. для высшей школы
Тематический подзаголовок Раскрой
Системный номер авторитетной/нормативной записи 2291914
Идентификатор авторитетной/нормативной записи RU\NLR\auth\661372589
606 1# - НАИМЕНОВАНИЕ ТЕМЫ КАК ПРЕДМЕТ
Наименование темы Пиломатериалы
Формальный подзаголовок Учебные издания для высших учебных заведений
Тематический подзаголовок Раскрой
Системный номер авторитетной/нормативной записи 2291914
Идентификатор авторитетной/нормативной записи RU\NLR\auth\661372589
606 1# - НАИМЕНОВАНИЕ ТЕМЫ КАК ПРЕДМЕТ
Наименование темы Древесина
Формальный подзаголовок Учебные издания для высших учебных заведений
Тематический подзаголовок Распиловка рамными пилами
Системный номер авторитетной/нормативной записи 1020542
Идентификатор авторитетной/нормативной записи RU\NLR\auth\66389926
606 1# - НАИМЕНОВАНИЕ ТЕМЫ КАК ПРЕДМЕТ
Наименование темы Древесина
Формальный подзаголовок Руководства, пособия и т.п. для высшей школы
Тематический подзаголовок Распиловка рамными пилами
Системный номер авторитетной/нормативной записи 1020542
Идентификатор авторитетной/нормативной записи RU\NLR\auth\66389926
686 ## - ИНДЕКСЫ ДРУГИХ КЛАССИФИКАЦИЙ
Индекс М132.02я73-1
700 #1 - ИМЯ ЛИЦА - ПЕРВИЧНАЯ ОТВЕТСТВЕННОСТЬ
Код отношения Автор
Материалы, к которым относится поле rus
Графика поля Кириллица
Начальный элемент ввода Корниенко
Часть имени, кроме начального элемента ввода В. А.
Расширение инициалов личного имени Владимир Антонович
Идентификатор авторитетной/нормативной записи RU\NLR\auth\7726877
Системный номер авторитетной/нормативной записи 9915
701 #1 - ИМЯ ЛИЦА - АЛЬТЕРНАТИВНАЯ ОТВЕТСТВЕННОСТЬ
Код отношения Автор
Материалы, к которым относится поле rus
Графика поля Кириллица
Начальный элемент ввода Трапезников
Часть имени, кроме начального элемента ввода С. В.
Расширение инициалов личного имени Сергей Владимирович
Идентификатор авторитетной/нормативной записи RU\NLR\auth\7726881
Системный номер авторитетной/нормативной записи 9919
801 #0 - ИСТОЧНИК ЗАПИСИ
Страна Российская Федерация
Организация NLR
Дата составления 20050711
Правила каталогизации PSBO
801 #1 - ИСТОЧНИК ЗАПИСИ
Страна Российская Федерация
Организация NLR
Дата составления 20050711
942 ## - ДОПОЛНИТЕЛЬНЫЕ ЭЛЕМЕНТЫ ЗАПИСИ (АБИС)
Тип экземпляра АБИС Книга
980 ## - КОЛЛЕКЦИЯ
Название коллекции Национальная библиография
980 ## - КОЛЛЕКЦИЯ
Название коллекции НБР
Экземпляры
Тип экземпляра Дата поступления Источник поступления Библиотека постоянного хранения Библиотека текущего хранения Место хранения Шифр хранения Штрих-код Статус экземпляра
Книга 11.07.2005 Обязательный экземпляр РНБ (Московский) РНБ (Московский) Русский книжный фонд: издания с 1957 года 2005-4/25057 953607  
Книга 11.07.2005 Обязательный экземпляр РНБ (Московский) РНБ (Московский) Русский книжный фонд: издания с 1957 года 2005-4/25057 953608